The cambridge history of literary criticism ( Volume 9 ) (Record no. 2235)
[ view plain ]
| 000 -LEADER | |
|---|---|
| fixed length control field | 00908nac a22002171u 4500 |
| 008 - FIXED-LENGTH DATA ELEMENTS--GENERAL INFORMATION | |
| fixed length control field | 130122s2001 enk||||| |||| 00| 0 eng d |
| 020 ## - INTERNATIONAL STANDARD BOOK NUMBER | |
| International Standard Book Number | 0521300142 |
| 020 ## - INTERNATIONAL STANDARD BOOK NUMBER | |
| International Standard Book Number | 9780521317252 |
| 082 ## - DEWEY DECIMAL CLASSIFICATION NUMBER | |
| Classification number | 801.9509 |
| Item number | CAM |
| Edition number | 22 |
| 100 ## - MAIN ENTRY--PERSONAL NAME | |
| Personal name | 20080729 |
| 9 (RLIN) | 31972 |
| 245 ## - TITLE STATEMENT | |
| Title | The cambridge history of literary criticism ( Volume 9 ) |
| Statement of responsibility, etc | Edited by Christa Knellwolf and Christopher Norris,assistant editor Jessica Osborn |
| Number of part/section of a work | Volume 9 |
| Name of part/section of a work | Twentith-century historical,philosophical and psychological perspectives / |
| 260 ## - PUBLICATION, DISTRIBUTION, ETC. (IMPRINT) | |
| Place of publication, distribution, etc | Cambridge: |
| Name of publisher, distributor, etc | Cambridge University Press, |
| Date of publication, distribution, etc | 2001. |
| 300 ## - PHYSICAL DESCRIPTION | |
| Extent | xiii,482 p. ; |
| Dimensions | 20cm. |
| 504 ## - BIBLIOGRAPHY, ETC. NOTE | |
| Bibliography, etc | Includes bibliography:p.419-460 and index |
| 650 ## - SUBJECT ADDED ENTRY--TOPICAL TERM | |
| Topical term or geographic name as entry element | Criticism |
| General subdivision | History. |
| 9 (RLIN) | 31973 |
| 650 ## - SUBJECT ADDED ENTRY--TOPICAL TERM | |
| Topical term or geographic name as entry element | Criticism |
| General subdivision | History |
| Geographic subdivision | Europe. |
| 9 (RLIN) | 31974 |
| 700 ## - ADDED ENTRY--PERSONAL NAME | |
| Personal name | Knellwolf,Christa. |
| 9 (RLIN) | 31975 |
| 700 ## - ADDED ENTRY--PERSONAL NAME | |
| Personal name | Norris,Christopher. |
| 9 (RLIN) | 31976 |
| 700 ## - ADDED ENTRY--PERSONAL NAME | |
| Personal name | Osborn,Jessica |
| 9 (RLIN) | 31977 |
| 942 ## - ADDED ENTRY ELEMENTS (KOHA) | |
| Item type | Book - Borrowing |
| Call number prefix | 801.9509 CAM |
| Source of classification or shelving scheme | Dewey Decimal Classification |
No items available.